000 01041nam a2200265Ia 4500
003 OSt
005 20221005111052.0
006 a|||||r|||| 00| 0
007 ta
008 221004b |||||||| |||| 00| 0 hin d
020 _a9788183616102 (hbk)
_c300
024 _a20049
037 _bSP/3820, 25/03/2015, Star Publications Pvt. Ltd.
_cTextual
040 _aCRL
_cCRL
_bhin
041 _2hin
_ahin
082 _aO152,3N37:g, Q3
100 _aतिवारी, योगेश
245 0 _aविनोद कुमार शुक्ल
_b खिड़की के अन्दर और बाहर
246 _aVinod kumār shukla: khiड़kī ke andar aur bāhara
260 _aनई दिल्ली
_bराधाकृष्ण भारत
_c2013
300 _a103पृ0
_ccm.
650 _aहिन्दी साहित्य
942 _hO152,3N37:g, Q3
_cTEXL
_2cc
999 _c1020709
_d1020709